Catálogo

Vista normal Vista MARC

Entrada Personal Name

Número de registros utilizados en: 1

001 - CONTROL NUMBER

  • control field: 15397

003 - CONTROL NUMBER IDENTIFIER

  • control field: Mx-PuUPA

005 - DATE AND TIME OF LATEST TRANSACTION

  • control field: 20240221092408.0

008 - FIXED-LENGTH DATA ELEMENTS

  • fixed length control field: 240221|| aca||aabn | a|a d

040 ## - CATALOGING SOURCE

  • Original cataloging agency: Mx-PuUPA
  • Language of cataloging: spa
  • Transcribing agency: Mx-PuUPA
  • Modifying agency: Mx-PuUPA
  • Description conventions: rda

046 ## - SPECIAL CODED DATES

  • Birth date: 1973

100 1# - HEADING--PERSONAL NAME

  • Personal name: Diaz, Carlos Eduardo,‏ ‎
  • Dates associated with a name: 1973-

370 ## - ASSOCIATED PLACE

  • Place of birth: Ciudad de México

373 ## - ASSOCIATED GROUP

  • Associated group: Escuela de Periodismo Carlos Septién García

374 ## - OCCUPATION

  • Occupation: Autor
  • Occupation: Articulista
  • Occupation: Licenciado en periodismo
  • Occupation: Editorialista

375 ## - GENDER

  • Gender: hombre

377 ## - ASSOCIATED LANGUAGE

  • Language code: spa

670 ## - SOURCE DATA FOUND

  • Source citation: Guadalupe La Virgen florida, 2014:
  • Information found: portada (Carlos Eduardo Díaz)